| 000 | 00526cam a2200181ua 4500 | ||
|---|---|---|---|
| 020 | _c3.00 | ||
| 041 |
_aeng _h |
||
| 082 |
_a306.349 _bROY/TW |
||
| 100 | _aRoy, Prodipto . | ||
| 245 |
_aTwo blades of grass : Summary of two studies on agricultural innovation in India / _cProdipto Roy. _hTextual Documents |
||
| 260 |
_aHyderabad : _bNational Institute of Community Development , _c1968. |
||
| 300 | _a40 ; . | ||
| 365 | _a3.00 | ||
| 504 | _a | ||
| 700 | 1 | _aKivlin, Joseph . | |
| 942 | _cBK | ||
| 999 |
_c1695 _d1695 |
||